Приложение 1; Географические основы климатического районирования (на примере Западной Сибири)

Podrobná bibliografie
Parent link:Географические основы климатического районирования (на примере Западной Сибири): Диссертация на соискание ученой степени доктора географических наук/ А. П. Сляднев; Новосибирский педагогический институт. Приложение 1.— , 1965
Jazyk:ruština
Vydáno: 1965
Témata:
Médium: MixedMaterials Kniha
KOHA link:https://koha.lib.tpu.ru/cgi-bin/koha/opac-detail.pl?biblionumber=143714

MARC

LEADER 00000nbm2a2200000 4500
001 143714
005 20231031143317.0
035 |a (RuTPU)RU\TPU\book\155744 
035 |a RU\TPU\book\155741 
090 |a 143714 
100 |a 20080923d1965 k y0rusy50 ca 
101 0 |a rus 
102 |a RU 
105 |a a m 001zy 
200 0 |a Приложение 1 
210 |d 1965 
215 |a 116 л.  |c ил. 
320 |a Библиогр.: с. 2-32. 
461 1 |0 (RuTPU)RU\TPU\book\155740  |t Географические основы климатического районирования (на примере Западной Сибири)  |o Диссертация на соискание ученой степени доктора географических наук  |f А. П. Сляднев  |g Новосибирский педагогический институт  |v Приложение 1  |d 1965 
610 1 |a докторские диссертации 
610 1 |a Западная Сибирь 
610 1 |a климатическое районирование 
610 1 |a географические основы 
610 1 |a таблицы 
610 1 |a приложения 
675 |a 551.561(04)  |v 3 
675 |a 91(с18)  |v 3 
801 1 |a RU  |b 63413507  |c 20080923  |g PSBO 
801 2 |a RU  |b 63413507  |c 20080923  |g PSBO 
942 |c BK